000 00464nam a22001937a 4500
003 MPLRDC
005 20220104161307.0
008 210129b ||||| |||| 00| 0 eng d
020 _a7-80732-160-1
082 _a857.62 CJ-2 v.1
100 _a蔡骏
245 _a病毒
_c
250 _a第一版
260 _a中国
_b接力出版社
_c2006
300 _b360
490 _a蔡骏午夜小说馆. 1
650 _a推理小说
942 _cBK
_o857.62 CJ-2 v.1
999 _c55407
_d55397